000 02083nam a2200409 c 4500
003 BLK
005 20180422111835.0
008 180409b bul|||||r ||||||| ||bul||
010 _aKNG00140704000
040 _aBLK
041 _aBUL
_cBUL
080 _aДиалектически материализъм
_b141.12:162.6
_x
_z141.12:162.6
080 _aИсторически материализъм
_b141.12:31
_x
_z141.12:31
100 1 _aГиргинов, Гиргин
_eпърви автор
_9324524
700 1 _aГиргинов, Гиргин
_eред. кол.
_9378682
139 _aСистема на марксистко-ленинската гносеология
_bС 38
245 1 0 _aСистема на марксистко-ленинската гносеология
_bИзследване
_cГиргин Гиргинов; ред. кол. Гиргин Гиргинов.
257 _aBGR
260 София
_bПартиздат
_c1973
300 _a355 с.
_c21 см
380 _a1
500 _aДруги авт. : М. Янков, З. Дунов, С. Петров, Т. Вълов, Д. Гърдев, П. Велчев, Ат. Маринов, Н. Михова, С. Саркисян, Д. Радев, Д. Бантутов, Ю. Минков, Л. Колев, П. Ганчев, Ст. Василев. ; Други ред. : П. Велчев, М. Янков. - 1 320 тир.
650 4 _aДиалектически материализъм
_9274150
650 4 _aИсторически материализъм
_9286946
650 4 _aМарксизъм-ленинизъм - философия
_9277200
650 4 _aПознание - теория, марксистко-ленинска
_9324521
653 _aмарксизъм
653 _aленинизъм
653 _aдиалектика
653 _aгносеология
653 _aпознание
852 _aЦб 68947
856 4 _qpdf
_u
856 4 _qpdf
_u
942 _cKNG
_n0
944 _aCR
_c13.03.2013
_l13.03.2013 - от С1,Р / 13.03.2013
_kГрета_Цуфелде
944 _aED
_c13.03.2013
_l13.03.2013 - от С1,Р / 13.03.2013
_k
999 _c134787
_d134787